00310pab a2200121 454500008004000000100001800040245004300058260000900101300001300110362001100123650002000134773003400154180718b2009 xxu||||| |||| 00| 0 eng d aJayaraman, T. aWill it be a US endgame at Copenhagen? c2009 ap.13-15. a12 Dec aClimatic change aEconomic and Political Weekly